00565nam a22001817a 4500999001900000005001700019010001300036020002200049035001300071037002000084082000800104100002700112245006200139260003700201300002100238942002200259952010200281 c164198d16419820190513173422.0 aB-027337 a8126001038c75.00 aB-027337 bSahitya Akademi a881 aDasgupta, Alokeranjan. aThe mystical saw and other poems /cAlokeranjan Dasgupta. aNew DelhibSahitya Akademic1996 a112pc21cm (fbk) 2ddccENh881mDAS 001040708NFICaZLSbZLSd2019-05-13l0o881 DASpB-027337r2019-05-13 00:00:00w2019-05-13yEN